Nashville Predators Player Numbers - Statistics

General Stats
  • This quiz has been taken 12 times
  • The average score is 19 of 22
Answer Stats
Hint Answer % Correct
Colton Sissons 10
100%
Roman Josi 59
100%
Juuse Saros 74
100%
Filip Forbserg 9
100%
Ryan O'Reilly 90
100%
Gustav Nyquist 14
91%
Luke Schenn 2
91%
Ryan McDonagh 27
91%
Jeremy Lauzon 3
91%
Kevin Lankinen 32
91%
Alexandre Carrier 45
91%
Michael McCarron 47
91%
Luke Evangelista 77
91%
Cody Glass 8
91%
Mark Jankowski 17
82%
Thomas Novak 82
82%
Anthony Beauvillier 21
73%
Tyson Barrie 22
73%
Kiefer Sherwood 44
73%
Dante Fabbro 57
73%
Spencer Stastney 24
64%
Jaret Anderson-Dolan 28
36%
No matching quizzes found
Score Distribution
Percent of People with Each Score
Percentile by Number Answered
Your Score History
You have not taken this quiz